Top 20 Men's 100m - Statistics

General Stats
  • This quiz has been taken 39 times
  • The average score is 12 of 21
Answer Stats
RANK MARK WIND Answer NAT DATE POS VENUE % Correct
1 9.58 +0.9 Usain BOLT JAM 16 AUG 2009 1 Olympiastadion, Berlin (GER)
100%
2 9.69 +2.0 Tyson GAY USA 20 SEP 2009 1 Shanghai (CHN)
82%
5 9.74 +0.9 Justin GATLIN USA 15 MAY 2015 1 Suhaim bin Hamad Stadium, Doha (QAT)
79%
2 9.69 -0.1 Yohan BLAKE JAM 23 AUG 2012 1 Stade Olympique de la Pontaise, Lausanne (SUI)
76%
12 9.79 +1.0 Noah LYLES USA 04 AUG 2024 1 Stade de France, Paris (FRA)
74%
4 9.72 +0.2 Asafa POWELL JAM 02 SEP 2008 1f1 Stade Olympique de la Pontaise, Lausanne (SUI)
71%
6 9.75 +0.8 Kishane THOMPSON JAM 27 JUN 2025 1 National Stadium, Kingston (JAM)
62%
7 9.76 +0.6 Christian COLEMAN USA 28 SEP 2019 1 Khalifa International Stadium, Doha (QAT)
59%
7 9.76 +1.4 Fred KERLEY USA 24 JUN 2022 1sf1 Hayward Field, Eugene, OR (USA)
56%
14 9.80 +0.1 Lamont Marcell JACOBS ITA 01 AUG 2021 1 National Stadium, Tokyo (JPN)
56%
17 9.82 +1.7 Richard THOMPSON TTO 21 JUN 2014 1f2 Port-of-Spain (TTO)
56%
19 9.83 +1.3 Zharnel HUGHES GBR 24 JUN 2023 1 Icahn Stadium, New York, NY (USA)
53%
19 9.83 +0.9 Bingtian SU CHN 01 AUG 2021 1sf3 National Stadium, Tokyo (JPN)
47%
10 9.77 +1.2 Ferdinand OMANYALA KEN 18 SEP 2021 2 Moi International Sports Centre, Kasarani, Nairobi (KEN)
47%
16 9.81 +0.7 Oblique SEVILLE JAM 04 AUG 2024 1sf1 Stade de France, Paris (FRA)
47%
17 9.82 +1.0 Akani SIMBINE RSA 04 AUG 2024 4 Stade de France, Paris (FRA)
44%
11 9.78 +0.9 Nesta CARTER JAM 29 AUG 2010 1 Stadio Guidobaldi, Rieti (ITA)
44%
7 9.76 +1.2 Trayvon BROMELL USA 18 SEP 2021 1 Moi International Sports Centre, Kasarani, Nairobi (KEN)
38%
12 9.79 +0.1 Maurice GREENE USA 16 JUN 1999 1f3 Athina (GRE)
35%
19 9.83 +0.9 Ronnie BAKER USA 01 AUG 2021 2sf3 National Stadium, Tokyo (JPN)
29%
14 9.80 +1.3 Steve MULLINGS JAM 04 JUN 2011 1 Hayward Field, Eugene, OR (USA)
18%
No matching quizzes found
Score Distribution
Percent of People with Each Score
Percentile by Number Answered
Your Score History
You have not taken this quiz